LIBRARY ONLINE CATALOGUE

The CIBA collection of medical illustrations (Record no. 16850)

MARC details
000 -LEADER
fixed length control field 00739nam a22002057a 4500
008 - FIXED-LENGTH DATA ELEMENTS--GENERAL INFORMATION
fixed length control field 180621b xxu||||| |||| 00| 0 eng d
020 ## - INTERNATIONAL STANDARD BOOK NUMBER
International Standard Book Number 0914168029
040 ## - CATALOGING SOURCE
Original cataloging agency KABU
Transcribing agency KABU
050 ## - LIBRARY OF CONGRESS CALL NUMBER
Classification number QM25
Item number .N48 v. 2 c. 1
100 ## - MAIN ENTRY--PERSONAL NAME
Personal name Netter, Frank H.
245 ## - TITLE STATEMENT
Title The CIBA collection of medical illustrations
Remainder of title a compilation of paintings on the normal and pathological anatomy of the reproductive system
Statement of responsibility, etc. prepared by Frank H. Netter
260 ## - PUBLICATION, DISTRIBUTION, ETC. (IMPRINT)
Place of publication, distribution, etc. New Jersey
Name of publisher, distributor, etc. The CIBA collection of medical illustrations
Date of publication, distribution, etc. 1965
300 ## - PHYSICAL DESCRIPTION
Extent xvi, 287 p.
650 ## - SUBJECT ADDED ENTRY--TOPICAL TERM
Topical term or geographic name as entry element Human anatomy
Form subdivision Atlases
650 ## - SUBJECT ADDED ENTRY--TOPICAL TERM
Topical term or geographic name as entry element Human physiology
Form subdivision Atlases
650 ## - SUBJECT ADDED ENTRY--TOPICAL TERM
Topical term or geographic name as entry element Pathology
Form subdivision Atlases
700 ## - ADDED ENTRY--PERSONAL NAME
Personal name Oppenheimer, Ernst
700 ## - ADDED ENTRY--PERSONAL NAME
Personal name Rock, John
942 ## - ADDED ENTRY ELEMENTS (KOHA)
Source of classification or shelving scheme Library of Congress Classification
Koha item type General Collection
Classification part QM25
Holdings
Withdrawn status Lost status Source of classification or shelving scheme Not for loan Home library Current library Date acquired Total Checkouts Full call number Barcode Date last seen Date last checked out Copy number Price effective from Koha item type
    Library of Congress Classification   Kabarak, Main Campus Kabarak, Main Campus 22/06/2018 2 QM25 .N48 v. 2 c. 1 027491 24/10/2019 05/10/2019 c. 1 22/06/2018 General Collection
    Library of Congress Classification   Kabarak, Main Campus Kabarak, Main Campus 22/06/2018   QM25 .N48 v. 2 c. 2 027492 22/06/2018   c. 2 22/06/2018 General Collection